00939nam a2200229 i 450000100060000000300090000600500170001500700030003200800410003510000420007624500870011826000650020530000220027049000320029260000760032470000550040071000530045583000400050885200220054899900170057095201220058731332ES-MaACL20231227160937.0t|030128s1969 sp |||| | spa d1 aBenavente, Jacinto,d1866-195492744310aJacinto Benavente b: estudio y antología / cpor Mariano Sánchez de Palacios. aMadrid : bCompañía Bibliográfica Española, c[1969] a222 p. ; c19 cm.1 aUn autor en un libro ; v3117aBenavente, Jacinto,d1866-1954-xCrítica e interpretación291697101 aSánchez de Palacios, Mariano,d1906-199091025952 aCompañía Bibliográfica Española.91712071 aUn autor en un libro ; v319182717 aES-MaACLjC-35617 c31332d31332 00104070aATENEOMbATENEOMcDEPO2d2008-01-17eSCl0oC-35617p1032379r2023-02-23 00:00:00w2023-02-23yMONOGRAFIA